00583 2200181 4500245003700000020002200037250001100059100001500070700001600085650001600101005001900117260003100136041001400167084000800181300002300189500018000212336000900392 aKoplax RangerscAmad KocilhText a978-602-279-224-6 aCet. 1 aAmad Kocil aVita Brevis aNovel Fiksi a20231002142914 aYogyakartabde Teensc2016 aIndonesia a813 a304 hlm. :c19 cm. aHidup itu sama dengan perjalanan sebuah kereta. Kadang harus berhenti disuatu tempat untuk menerima kehadiran orang baru, sekaligus merelakan kepergian orang yang kita sayang. atext